Statystyki dla Kształt każdego państwa

Kliknij tutaj aby rozwiązać quiz!

Ogólne statystyki

  • Ten quiz został rozwiązany 17 392 razy
  • Średni wynik to 62 z 196

Statystyki odpowiedzi

Odpowiedź% Poprawnych
Polska
98%
Kanada
94%
Francja
93%
Japonia
90%
Wielka Brytania
90%
Grecja
88%
Niemcy
86%
Wlochy
84%
Rosja
82%
Finlandia
79%
Norwegia
79%
Chile
77%
Indonezja
77%
Chorwacja
76%
Ukraina
76%
Indie
74%
Hiszpania
72%
Australia
71%
Islandia
71%
Stany Zjednoczone
70%
Chiny
69%
Dania
69%
Turcja
68%
Wietnam
67%
Austria
66%
Portugalia
66%
Cypr
62%
Czechy
62%
Filipiny
61%
Kuba
61%
Meksyk
61%
Nowa Zelandia
60%
Tajlandia
60%
Litwa
56%
Kazachstan
54%
Szwecja
54%
Brazylia
53%
Argentyna
52%
Szwajcaria
52%
Estonia
49%
Bangladesz
48%
Egipt
48%
Mjanma
47%
Republika Poludniowej Afryki
47%
Somalia
46%
Laos
45%
Bialorus
43%
Irlandia
43%
Izrael
43%
Maroko
43%
Holandia
42%
Madagaskar
42%
Pakistan
42%
Rumunia
41%
Slowacja
41%
Iran
40%
Łotwa
40%
Bosnia i Hercegowina
39%
Nepal
39%
Uzbekistan
39%
Mali
38%
Mongolia
38%
Papua Nowa Gwinea
38%
Korea Pólnocna
37%
Kosowo
37%
Moldawia
37%
Serbia
37%
Wegry
37%
Malediwy
36%
Malezja
36%
Tajwan
36%
Demokratyczna Republika Konga
35%
Malta
35%
Senegal
35%
Bulgaria
34%
Korea Poludniowa
34%
Gambia
33%
Panama
33%
Albania
32%
Namibia
32%
Sri Lanka
32%
Belgia
31%
Libia
31%
Wenezuela
31%
Erytrea
30%
Afganistan
29%
Algieria
29%
Azerbejdzan
29%
Etiopia
29%
Mozambik
29%
Angola
28%
Peru
28%
Watykan
28%
Benin
27%
Monako
27%
Sudan
27%
Turkmenistan
27%
Zjednoczone Emiraty Arabskie
27%
Haiti
26%
Irak
26%
Mauretania
26%
Czad
25%
Kamerun
25%
Syria
25%
Arabia Saudyjska
24%
Gruzja
24%
Kolumbia
24%
Niger
24%
Oman
24%
Slowenia
24%
Czarnogóra
23%
Kirgistan
23%
Tadzykistan
22%
Tunezja
22%
Zambia
22%
Jemen
21%
Jordania
21%
Luksemburg
21%
Jamajka
20%
Macedonia Północna
20%
Kongo
19%
Armenia
18%
Bahamy
18%
Gabon
18%
Malawi
18%
Paragwaj
18%
Ekwador
17%
Liechtenstein
17%
Nigeria
17%
Gwinea Równikowa
16%
Kuwejt
16%
Singapur
16%
Sudan Poludniowy
16%
Wybrzeze Kosci Sloniowej
16%
Nikaragua
15%
Republika Srodkowoafrykanska
15%
Togo
15%
Boliwia
14%
Burkina Faso
14%
Ghana
14%
Gujana
14%
Gwinea
14%
Kostaryka
14%
Liberia
14%
Nauru
14%
Tanzania
14%
Kenia
13%
Timor Wschodni
13%
Botswana
12%
Zimbabwe
12%
Kambodza
11%
Liban
11%
San Marino
11%
Trynidad i Tobago
11%
Belize
10%
Brunei
10%
Gwatemala
10%
Gwinea-Bissau
10%
Mikronezja
10%
Republika Zielonego
Przyladka
10%
Fidzi
9%
Katar
9%
Wyspy Salomona
9%
Andora
8%
Antigua i Barbuda
8%
Bhutan
8%
Dominikana
8%
Honduras
8%
Kiribati
8%
Saint Kitts i Nevis
8%
Salwador
8%
Uganda
8%
Vanuatu
8%
Wyspy Marshalla
8%
Bahrajn
7%
Seszele
7%
Sierra Leone
7%
Urugwaj
7%
Burundi
6%
Dzibuti
6%
Eswatini
6%
Palau
6%
Tuvalu
6%
Wyspy Swietego Tomasza i Ksiazeca
6%
Barbados
5%
Komory
5%
Lesotho
5%
Rwanda
5%
Saint Lucia
5%
Samoa
5%
Surinam
5%
Tonga
5%
Dominika
4%
Grenada
4%
Mauritius
4%
Saint Vincent i Grenadyny
4%

Rozkład punktacji

Percentyl według liczby udzielonych odpowiedzi

Procent ludzi z każdym wynikiem

Twoja historia wyników

Nie rozwiązałeś tego quizu